| 000 | 00538nam a22001937a 4500 | ||
|---|---|---|---|
| 003 | DO-SdBNP | ||
| 005 | 20171127150549.0 | ||
| 008 | 171127b 1974 ck a|||| 00| 0 spa d | ||
| 040 |
_aBPMSU _bspa _cBPMSU |
||
| 082 |
_axxxxx _bxxxxx |
||
| 100 | 1 | _aDossin, Andrés | |
| 245 | 1 |
_aVivir con Cristo / _cAndrés Dossin |
|
| 250 | _a8a ed. | ||
| 260 |
_aColombia : _bEdiciones Paulinas, _c1974. |
||
| 300 |
_a157 p. : _bil. ; _c22 cm. |
||
| 942 |
_2ddc _cBK |
||
| 945 | _aInventariado extranjero / 2017 BT | ||
| 956 |
_aBTAVAREZ _b10 _c20171127 _d0038 |
||
| 999 |
_c13141 _d13141 |
||